[Event "Syre Memorial op 32nd"]
[Site "Issy les Moulineaux"]
[Date "2009.05.22"]
[Round "3"]
[White "Mouayas, Karim"]
[Black "Girard, Eric"]
[Result "0-1"]
[WhiteElo "1797"]
[BlackElo "2196"]
[PlyCount "40"]
[EventDate "2009.05.21"]
[EventType "swiss"]
[EventRounds "6"]
[EventCountry "FRA"]
[SourceTitle "EXT 2010"]
[Source "ChessBase"]
[SourceDate "2010.11.25"]
[SourceVersion "1"]
[SourceVersionDate "2010.11.25"]
[SourceQuality "1"]

1. d4 e6 2. c4 b6 3. Nc3 Bb7 4. e3 Bb4 5. Nge2 f5 6. a3 Bxc3+ 7. Nxc3 Qh4 8. Qc2 Nf6 9. b3 Ng4 10. h3 0-0 11. Rg1 Nf6 12. Bb2 d6 13. Bd3 Nbd7 14. 0-0-0 Ne4 15. g3 Qh6 16. Nxe4 fxe4 17. Bxe4 Bxe4 18. Qxe4 b5 19. cxb5 Rab8 20. Qc2 Nf6 0-1